| 000 | 00485nam a2200133 a 4500 | ||
|---|---|---|---|
| 008 | 120416s1952 ||||||||||||||||| || u | ||
| 050 | _aPQ 2246. A2M3 | ||
| 100 | _aFlaubert, Gustave, 1821-1880 | ||
| 245 | 1 | 0 | _aMadame Bovary |
| 246 | _aa story of provincial life | ||
| 260 |
_aHarmondsworth _bPenguin _c1952 |
||
| 350 | _a0.00 | ||
| 995 |
_D0.00 _FCBU-MAIN LIBRARY (Kitwe) _H1 _I2.50 _M1 _UAVAILABLE _ZAnnex Low-Usage Collection |
||
| 999 |
_c49661 _d49661 |
||